| 000 | 00399nam a2200157Ia 4500 | ||
|---|---|---|---|
| 008 | 160316s1971 xxu||||| |||| 00| 0 eng d | ||
| 082 |
_a341.230000 _bAYO |
||
| 100 | _aAyouty Yassin | ||
| 245 | _aThe United Nations and decolonization : The role of Afro-Asia | ||
| 250 | _a | ||
| 260 |
_aHague _bMartinus Nijhoff Publishers _c1971 |
||
| 300 |
_a286 _b _c |
||
| 365 | _b | ||
| 650 | _a | ||
| 700 |
_a _a |
||
| 999 |
_c9576 _d9576 |
||